00915nam a2200217 a 450000100100000000500170001000800410002702000150006804000250008308200160010810000310012424501770015526000310033230000310036350000750039470000440046970000380051304900090055195201200056099900170068000002526920200930023654.0110211s2006 cu c r 000 0 spa d a9597177102 aDO-SdBNPbspacBNPHU axxxxxbS1111 aSaab, Tarek William95177714aLos niños del infortunio :bmemorias de la misión médica cubana en pakistán /cTarek William Saab : prólogo Eusebio Leal Spengler ; edición Lilian Sabina Roque. aLa Habana :bPlaza,c2006. a100 p. :bretrs. ;c23 cm. aIncluye referencia biográfica del autor en la solapa de la cubierta.1 aLeal Spengler, Eusebio,epról.9452111 aSabina Roque, Lilian,eed.942649 aBNGR 001054708MOaGRbGRcCTd2011-02-11iLF1l0oxxxxx S111p25269-10r2020-06-25w2020-06-25y4ZPréstamo en sala c24762d24762